000 00246nam a2200109Ia 4500
008 190216s9999||||xx |||||||||||||| ||und||
100 _aNagaratnam
245 0 _aManagement Accounting
260 _bS Chand & Co
_c1977
300 _a386p
942 _cBK
999 _c4100
_d4100